| 000 | 00421am a2200181a 44500 | ||
|---|---|---|---|
| 005 | 20160108124224.0 | ||
| 008 | 150821b xxu||||| |||| 00| 0 spa d | ||
| 041 | _aES | ||
| 082 |
_a621.315 _bP126c |
||
| 100 |
_aPaeg,Heinz _929962 |
||
| 245 | _aEl condensador | ||
| 260 | _aEspaña | ||
| 260 | _bMarcombo-Siemens | ||
| 260 | _c1989 | ||
| 300 | _a68 páginas | ||
| 650 |
_aCONDENSADORES ELECTRICOS _929963 |
||
| 942 | _cBK | ||
| 999 |
_c619 _d619 |
||